| 000 | 00587nam a2200181Ia 4500 | ||
|---|---|---|---|
| 008 | 090124s9999 xx 000 0 und d | ||
| 082 | _b30563 | ||
| 100 | _aशिरवाडकर वसंत | ||
| 245 | _a स्फूर्तिचित्रे | ||
| 250 | _a0 | ||
| 260 | _bपृथ्वी प्रकाशन | ||
| 300 | _a80 | ||
| 600 | _aशिरवाडकर वसंत | ||
| 630 | _a स्फूर्तिचित्रे | ||
| 700 | _aशिरवाडकर वसंत | ||
| 730 | _a स्फूर्तिचित्रे | ||
| 942 | _cBOOK | ||
| 999 |
_c98055 _d98055 |
||